000 00965cam a2200289 4500
008 020731n2002 000 0 eng u
020 _a0860175693
035 _a(Sirsi) u119111
050 _a624.15
100 _aHenderson, N.
245 _aConcrete technology for cast in-situ foundations
260 _aLondon
_bCIRIA
_c2002
300 _a83p.
_c30cm.
350 _a80
490 _aCIRIA Publication
_vC569
520 _aAimed at concrete producers, contractors and designers this report povides guidance on the application of in-situ concrete technology for foundations.
650 _aBUILT ENVIRONMENT-BUILDING MATERIALS
650 _aCONCRETE
650 _aBUILT ENVIRONMENT-BUILDING ELEMENTS-COMPLETE BUILDING ELEMENTS-FOUNDATIONS
650 _aIN-SITU CONCRETE
690 _aBUILT ENVIRONMENT-BUILDING MATERIALS
700 _aBaldwin, N.
700 _aMcKibbins, L.
700 _aWinsor, D.
700 _aShanghavi, H.
942 _n0
999 _c102255
_d102255